Historia 2 : la edad moderna y el surgimiento de la nación argentina /
Guardado en:
| Autor Principal: | |
|---|---|
| Otros Autores: | , |
| Formato: | Libro |
| Publicado: |
Buenos Aires :
Kapelusz,
1980
|
| Materias: | |
| Etiquetas: |
Agregar Etiqueta
Sin Etiquetas, Sea el primero en etiquetar este registro!
|
| LEADER | 01430nam a22002415a 4500 | ||
|---|---|---|---|
| 001 | CEM.cems017772 | ||
| 005 | 20120326101701.0 | ||
| 008 | 130507s1980##################000#0#####d | ||
| 003 | CEMS | ||
| 020 | |a 9501325512 | ||
| 082 | 0 | 4 | |a 940.2 |
| 100 | 1 | |a Miretzky, María L. N. de | |
| 245 | 1 | 0 | |a Historia 2 : |b la edad moderna y el surgimiento de la nación argentina / |c María L. N. de Miretzky, Susana N. Royo y Elvira M. L: Salluzzi |
| 260 | |a Buenos Aires : |b Kapelusz, |c 1980 | ||
| 300 | |a 420 p. | ||
| 500 | |a Para segundo año del ciclo básico, de las escuelas de comercio y de educación técnica | ||
| 505 | 0 | |a El surgimiento del Nuevo Mundo -- La época del predominio español y la conquista de América -- El final de la hegemonía española -- El siglo XVIII europeo -- España y América en el siglo XVIII -- La Europa de la Revolución y el Imperio -- Las invasiones inglesas -- La Revolución de Mayo -- Problemas políticos y obra administrativa de la Revolución de Mayo -- La época de la Restauración -- La guerra de la Independencia -- Los comienzos de la soberanía argentina -- La crisis de 1820 -- Gobiernos de Martín Rodríguez -- El Congreso de 1824 y la guerra con el Brasil -- La época de Rosas | |
| 653 | |a Historia | ||
| 653 | |a Historia-egb | ||
| 653 | |a Historia moderna | ||
| 700 | 1 | |a Royo, Susana N. | |
| 700 | 1 | |a Salluzzi, Elvira M. L. | |
| 859 | |a CEMS |b BIB. CEMS - Agricultura |h 940.2 |i M676 |p A1529.12 |t Ej.1 | ||
